| 000 | 00333nam a2200121Ia 4500 | ||
|---|---|---|---|
| 008 | 220204s9999 xx 000 0 und d | ||
| 082 |
_a519.2 _bFEL.1 |
||
| 100 | _aFeller, William | ||
| 245 | 0 | _aIntroduction to probability theory and its applications. V 1 | |
| 250 | _aEd.3 | ||
| 260 |
_aNew Delhi _bWiley Eastern _c1978 |
||
| 942 | _cBK | ||
| 999 |
_c30552 _d30552 |
||